[Event "Groningen op"]
[Site "Groningen"]
[Date "1993.??.??"]
[Round "1"]
[White "Pevzner, Albert"]
[Black "Schwartzman, Gabriel"]
[Result "0-1"]
[WhiteElo "2300"]
[BlackElo "2480"]
[PlyCount "110"]
[EventDate "1993.12.??"]
[EventType "swiss"]
[EventRounds "11"]
[EventCountry "NED"]
[SourceTitle "CBM 041"]
[Source "ChessBase"]
[SourceDate "1994.08.01"]
[SourceVersion "1"]
[SourceVersionDate "1994.08.01"]
[SourceQuality "1"]

1. c4 Nf6 2. Nc3 e5 3. g3 d5 4. cxd5 Nxd5 5. Bg2 Nb6 6. Nf3 Nc6 7. 0-0 Be7 8. Rb1 a5 9. a3 0-0 10. b4 Bf5 11. b5 Nd4 12. d3 Nxf3+ 13. Bxf3 Rb8 14. Na4 e4 15. dxe4 Qxd1 16. Rxd1 Nxa4 17. exf5 Nc3 18. Rd7 Nxb1 19. Rxe7 Nc3 20. Rxc7 Nxb5 21. Rxb7 Nd4 22. Rxb8 Rxb8 23. Kg2 Nxf3 24. Kxf3 Rb1 25. Bd2 Rb3+ 26. Ke4 Rxa3 27. Kd4 a4 28. e4 Rb3 29. Kc4 Rb2 30. Kc3 Rb7 31. Bc1 f6 32. Kc2 Rb4 33. f3 Kf7 34. Bb2 Rb3 35. Bc3 Ke7 36. f4 Rb5 37. Bb2 Kd6 38. Ba3+ Kc6 39. Bb2 Rb3 40. e5 fxe5 41. fxe5 Rf3 42. g4 g6 43. fxg6 hxg6 44. h4 Rh3 45. h5 gxh5 46. gxh5 Rxh5 47. Kb1 Rh2 48. Ka2 Kb5 49. Ka3 Re2 50. Bd4 Re4 51. Bc3 Re3 52. Kb2 a3+ 53. Kc2 Kc4 54. Ba1 Re1 55. Bc3 Re2+ 0-1